Statistics for Countries that drive on the left

Click here to take the quiz!

General Stats

  • This quiz has been taken 36 times
  • The average score is 36 of 51

Answer Stats

ContinentAnswer% Correct
OceanaAustralia
97%
Uk
97%
New Zealand
87%
South Africa
87%
India
83%
EuropeIreland
83%
Pakistan
83%
Bahamas
80%
Fiji
80%
Jamaica
80%
Lesotho
80%
Tuvalu
80%
North AmericaAntigua and Barbuda
77%
Nauru
77%
Samoa
77%
St Kitts and Nevis
77%
Zimbabwe
77%
Barbados
73%
Japan
73%
Kenya
73%
Malawi
73%
Malta
73%
Swaziland
73%
Tonga
73%
Indonesia
70%
Namibia
70%
Papua New Guinea
70%
Solomon Islands
70%
St Vincent and the Grenadines
70%
Tanzania
70%
Zambia
70%
AsiaBangladesh
67%
AfricaBotswana
67%
Kiribati
67%
St Lucia
67%
Uganda
67%
Dominica
63%
Grenada
63%
Malaysia
63%
Trinidad and Tobago
63%
South AmericaGuyana
60%
Mozambique
60%
Singapore
57%
Suriname
57%
Nepal
53%
Sri Lanka
53%
Thailand
53%
Bhutan
50%
Brunei
43%
Cyprus
43%
East Timor
43%

Score Distribution

Percentile by Number Answered

Percent of People with Each Score

Your Score History

You have not taken this quiz